| 000 | 00587nam a2200193Ia 4500 | ||
|---|---|---|---|
| 003 | GCL | ||
| 008 | 140319s9999 xx 000 0 ara d | ||
| 040 |
_aGCL / _cGCL |
||
| 082 | 0 | 4 |
_a923.26 _bح ك |
| 100 | 1 | _aحسنى ابواليزيد | |
| 245 | 1 | 0 |
_aكل شىء هادىء فى تل ابيب الملف السرى للهجان / _cحسنى ابواليزيد |
| 260 |
_a[S.N] : _bالدار المصرية ، _c1992 |
||
| 300 | _a211 | ||
| 490 | _a | ||
| 650 | 0 | 4 | _aمصر |
| 650 | 0 | 4 | _aرافت الهجان |
| 650 | 0 | 4 | _aالمخابرات العسكرية |
| 942 |
_2ddc _cBK |
||
| 999 |
_c53850 _d53850 |
||